000
00264nam a22001217a 4500
999
_c
533613
_d
533613
020
_a
184916343X
040
_c
dlc
082
_a
839.738
100
_a
Stieg Larsson
_9
27570
245
_a
The Girl Who Kicked the Hornets' Nest
300
_a
822p
942
_2
ddc
_c
BK